Govt. of
Madhya Pradesh

Bibliography of Indian Coins (Record no. 35580)

MARC details
000 -LEADER
fixed length control field 004450000a22001690004500
003 - CONTROL NUMBER IDENTIFIER
control field MACL
005 - DATE AND TIME OF LATEST TRANSACTION
control field 20151227123254.0
008 - FIXED-LENGTH DATA ELEMENTS--GENERAL INFORMATION
fixed length control field 151227b xxu||||| |||| 00| 0 eng d
040 ## - CATALOGING SOURCE
Original cataloging agency MACL
Transcribing agency macl
041 ## - LANGUAGE CODE
Language code of text/sound track or separate title English
082 ## - DEWEY DECIMAL CLASSIFICATION NUMBER
Classification number 016.737/SIN
100 ## - MAIN ENTRY--PERSONAL NAME
Personal name Singhal, C R
9 (RLIN) 23078
245 ## - TITLE STATEMENT
Title Bibliography of Indian Coins
260 ## - PUBLICATION, DISTRIBUTION, ETC. (IMPRINT)
Name of publisher, distributor, etc. The Numismatic Society of India
Date of publication, distribution, etc. 1950
Place of publication, distribution, etc. Bombay
650 ## - SUBJECT ADDED ENTRY--TOPICAL TERM
Topical term or geographic name as entry element BibliograPhy
9 (RLIN) 15346
942 ## - ADDED ENTRY ELEMENTS (KOHA)
Koha item type Books
Call number prefix 010/Sin
Source of classification or shelving scheme
Holdings
Withdrawn status Lost status Source of classification or shelving scheme Damaged status Not for loan Home library Current library Date acquired Total Checkouts Full call number Barcode Date last seen Uniform Resource Identifier Price effective from Koha item type
          MACL MACL 15/04/2015   010/Sin CLE006664 29/04/2015 35788 15/04/2015 Books